<?xml version="1.0" encoding="UTF-8"?>
<collection xmlns="http://www.loc.gov/MARC21/slim">
<record>
  <controlfield tag="001">123507</controlfield>
  <controlfield tag="005">20230213141336.0</controlfield>
  <datafield tag="024" ind1="8" ind2=" ">
    <subfield code="2">innovaciondocente</subfield>
    <subfield code="a">418</subfield>
  </datafield>
  <datafield tag="037" ind1=" " ind2=" ">
    <subfield code="a">INNODOC-2021-418</subfield>
  </datafield>
  <datafield tag="041" ind1=" " ind2=" ">
    <subfield code="a">spa</subfield>
  </datafield>
  <datafield tag="100" ind1=" " ind2=" ">
    <subfield code="0">(orcid)0000-0002-5494-6550</subfield>
    <subfield code="a">Magallón Botaya, María Rosa</subfield>
    <subfield code="e">coord.</subfield>
  </datafield>
  <datafield tag="245" ind1=" " ind2=" ">
    <subfield code="a">Salud Global, Atención Primaria y Comunidad: Traspasando Fronteras.</subfield>
  </datafield>
  <datafield tag="260" ind1=" " ind2=" ">
    <subfield code="a">Zaragoza</subfield>
    <subfield code="b">Universidad de Zaragoza</subfield>
    <subfield code="c">2021</subfield>
  </datafield>
  <datafield tag="520" ind1="3" ind2=" ">
    <subfield code="a">La Salud Global es una disciplina cuyo propósito es formar, investigar y actuar respecto a problemas, determinantes y soluciones, de carácter transnacional para mejorar la salud y la equidad en la salud a nivel mundial. La Atención Primaria de Salud y la Intervencones Comunitarias están relacionadas igualmente con la accesibilidad y la equidad en salud. La salud de las comunidades y las personas trascienden las fronteras nacionales y están influidos por determinantes específicos, sociales, de salud, económicos, .... Se pretende investigar y actuar sobre la salud de los individuos y las comunidades con enfoque de globalidad y de equidad.   Además la propia OMS reconoce a la Atención Primaria de Salud como esencial para lograr el objetivo de Salud para Todos, consiguiendo reducir las desigualdades crecientes en salud.   Además la OMS aboga por integrar la Salus en todas las Politicas,  para conseguir poblaciones mas saludables. Para ello la investigacion y las intervenciones comunitarias y en salud global son esenciales.</subfield>
  </datafield>
  <datafield tag="540" ind1=" " ind2=" ">
    <subfield code="9">info:eu-repo/semantics/openAccess</subfield>
    <subfield code="a"></subfield>
    <subfield code="u"></subfield>
  </datafield>
  <datafield tag="700" ind1=" " ind2=" ">
    <subfield code="a">Lear Claveras, Ana</subfield>
  </datafield>
  <datafield tag="700" ind1=" " ind2=" ">
    <subfield code="0">(orcid)0000-0002-4252-115X</subfield>
    <subfield code="a">Asensio Martínez, Ángela Cristina</subfield>
  </datafield>
  <datafield tag="700" ind1=" " ind2=" ">
    <subfield code="0">(orcid)0000-0001-6565-9699</subfield>
    <subfield code="a">Oliván Blazquez, Bárbara</subfield>
  </datafield>
  <datafield tag="700" ind1=" " ind2=" ">
    <subfield code="a">Bentué Martínez, Carmen María</subfield>
  </datafield>
  <datafield tag="700" ind1=" " ind2=" ">
    <subfield code="0">(orcid)0000-0001-7293-701X</subfield>
    <subfield code="a">Aguilar Palacio, Isabel</subfield>
  </datafield>
  <datafield tag="700" ind1=" " ind2=" ">
    <subfield code="0">(orcid)0000-0002-9541-5609</subfield>
    <subfield code="a">Zúñiga Antón, María</subfield>
  </datafield>
  <datafield tag="700" ind1=" " ind2=" ">
    <subfield code="0">(orcid)0000-0002-6671-5661</subfield>
    <subfield code="a">Rabanaque Hernández, María José</subfield>
  </datafield>
  <datafield tag="700" ind1=" " ind2=" ">
    <subfield code="a">Domínguez García, Marta</subfield>
  </datafield>
  <datafield tag="700" ind1=" " ind2=" ">
    <subfield code="0">(orcid)0000-0002-7194-8275</subfield>
    <subfield code="a">Malo Fumanal, Sara</subfield>
  </datafield>
  <datafield tag="856" ind1="4" ind2=" ">
    <subfield code="s">81000</subfield>
    <subfield code="u">http://zaguan.unizar.es/record/123507/files/memoria_MOOC_2021_418.pdf</subfield>
    <subfield code="y">Memoria del proyecto</subfield>
  </datafield>
  <datafield tag="970" ind1=" " ind2=" ">
    <subfield code="a">INNODOC-2021-418</subfield>
  </datafield>
  <datafield tag="980" ind1=" " ind2=" ">
    <subfield code="a">INNODOC</subfield>
    <subfield code="b">MOOC</subfield>
  </datafield>
</record>
</collection>